[Event "GER-ch U14 Girls"]
[Site "Willingen"]
[Date "2018.05.20"]
[Round "1"]
[White "Ricken, Katharina"]
[Black "Barutta, Larissa"]
[Result "1-0"]
[WhiteElo "1794"]
[BlackElo "1571"]
[PlyCount "87"]
[EventDate "2018.05.19"]
[EventType "swiss"]
[EventRounds "9"]
[EventCountry "GER"]
[SourceTitle "CBM 184 Extra"]
[Source "ChessBase"]
[SourceDate "2018.06.28"]
[SourceVersion "1"]
[SourceVersionDate "2018.06.28"]
[SourceQuality "1"]

1. Nf3 d5 2. g3 c5 3. Bg2 Nf6 4. 0-0 Nc6 5. d4 Bf5 6. c4 e6 7. cxd5 exd5 8. Nc3 h6 9. dxc5 Bxc5 10. a3 0-0 11. b4 Bb6 12. Bb2 Be6 13. Na4 Bc7 14. Rc1 Rc8 15. Nc5 Qe7 16. Bxf6 Qxf6 17. Nxb7 Bb6 18. Nd6 Rc7 19. Nb5 Rcc8 20. Qd3 Rfd8 21. Rfd1 Ne5 22. Qb1 Bf5 23. Qb3 Ng4 24. Rxc8 Rxc8 25. Nbd4 Rc4 26. Nxf5 Qxf5 27. e3 Nxf2 28. Kxf2 Rc2+ 29. Kg1 Re2 30. Rd3 g5 31. Kf1 g4 32. Kxe2 gxf3+ 33. Bxf3 Qh3 34. Qxd5 Qxh2+ 35. Bg2 Qxg3 36. Qf3 Qg7 37. Rd2 Qg6 38. Bh3 Kg7 39. Qg4 Qxg4+ 40. Bxg4 Kg6 41. Kf3 h5 42. Rd6+ f6 43. Bxh5+ Kxh5 44. Rxf6 1-0